[Event "72nd RUS-ch Higher League 2019"]
[Site "Yaroslavl"]
[Date "2019.06.28"]
[Round "2.16"]
[White "Nozdrachev, Vladislav"]
[Black "Rakhmanov, Aleksandr"]
[Result "1/2-1/2"]
[WhiteElo "2481"]
[BlackElo "2615"]
[Annotator "RC"]
[PlyCount "199"]
[EventDate "2019.06.27"]
[EventType "swiss"]
[EventCountry "RUS"]
[SourceTitle "playchess.com"]
[Source "ChessBase"]
[SourceQuality "1"]
[TimeControl "40/5400+30:1800+30"]

1. e4 {[%emt 0:00:00]} e5 {[%emt 0:00:00]} 2. Bc4 {[%emt 0:00:28]} Nf6 {[%emt 0:00:00]} 3. d3 {[%emt 0:00:04]} c6 {[%emt 0:00:00]} 4. Nf3 {[%emt 0:00:04]} d5 {[%emt 0:00:05]} 5. Bb3 {[%emt 0:00:09]} Bb4+ {[%emt 0:00:22]} 6. Bd2 {[%emt 0:02:12]} Bxd2+ {[%emt 0:00:06]} 7. Nbxd2 {[%emt 0:00:05]} a5 {[%emt 0:00:45]} 8. c3 {[%emt 0:01:36]} Nbd7 {[%emt 0:04:11]} 9. O-O {[%emt 0:02:31]} O-O {[%emt 0:10:13]} 10. exd5 {[%emt 0:10:51]} cxd5 {[%emt 0:00:38]} 11. Re1 {[%emt 0:00:55]} Qc7 {[%emt 0:01:09]} 12. Nf1 {[%emt 0:00:53]} Re8 {[%emt 0:05:10]} 13. Ne3 {[%emt 0:03:54]} Nb6 {[%emt 0:01:14]} 14. a4 {[%emt 0:04:46]} Bg4 {[%emt 0:09:06]} 15. h3 {[%emt 0:11:27]} Bh5 {[%emt 0:04:40]} 16. g4 {[%emt 0:00:16]} Bg6 {[%emt 0:00:13]} 17. d4 {[%emt 0:00:07]} exd4 {[%emt 0:01:38]} 18. cxd4 {[%emt 0:00:12]} Qf4 {[%emt 0:05:25]} 19. Ne5 {[%emt 0:03:14]} Ne4 {[%emt 0:26:37]} 20. Qf3 {[%emt 0:06:24]} Qh6 {[%emt 0:03:01]} 21. Nxd5 {[%emt 0:03:11]} Ng5 {[%emt 0:13:27]} 22. Qg3 {[%emt 0:02:34]} Nxh3+ {[%emt 0:06:29]} 23. Kf1 {[%emt 0:00:33]} Nxd5 {[%emt 0:01:49]} 24. Bxd5 {[%emt 0:00:05]} Rad8 {[%emt 0:00:53]} 25. Bg2 {[%emt 0:00:43]} Ng5 {[%emt 0:00:24]} 26. Qf4 {[%emt 0:06:34]} f6 {[%emt 0:03:33]} 27. Nxg6 {[%emt 0:04:55]} Qxg6 {[%emt 0:00:06]} 28. Bxb7 {[%emt 0:01:22]} Qd3+ {[%emt 0:01:35]} 29. Kg2 {[%emt 0:00:06]} Rxe1 {[%emt 0:01:05]} 30. Rxe1 {[%emt 0:00:05]} Qxd4 {[%emt 0:00:30]} 31. Qxd4 {[%emt 0:04:13]} Rxd4 {[%emt 0:00:01]} 32. Kg3 {[%emt 0:00:07]} Kf7 {[%emt 0:00:26]} 33. Bc6 {[%emt 0:02:30]} g6 {[%emt 0:01:03]} 34. Re3 {[%emt 0:03:15]} Ne6 {[%emt 0:00:32]} 35. Rb3 {[%emt 0:02:06]} Ke7 {[%emt 0:00:22]} 36. Rb7+ {[%emt 0:01:36]} Kd6 {[%emt 0:00:02]} 37. Bb5 {[%emt 0:00:06]} h5 {[%emt 0:00:24]} 38. Rd7+ {[%emt 0:01:28]} Ke5 {[%emt 0:01:12]} 39. gxh5 {[%emt 0:00:22]} gxh5 {[%emt 0:00:11]} 40. Ra7 {[%emt 0:00:00]} h4+ {[%emt 0:00:00]} 41. Kh2 {[%emt 0:03:18]} Rd2 {[%emt 0:04:07]} 42. Rxa5 {[%emt 0:00:42]} Ng5 {[%emt 0:07:39]} 43. Bc6+ {[%emt 0:06:13]} Kd6 {[%emt 0:04:16]} 44. Rf5 {[%emt 0:02:33]} Kxc6 {[%emt 0:00:44]} 45. Rxf6+ {[%emt 0:00:04]} Kd7 {[%emt 0:00:34]} 46. Rf5 {[%emt 0:00:35]} Ne4 {[%emt 0:01:43]} 47. Kh3 {[%emt 0:00:14]} Nxf2+ {[%emt 0:00:29]} 48. Kxh4 {[%emt 0:00:06]} Rxb2 {[%emt 0:00:04]} 49. Kg3 {[%emt 0:00:07]} Ne4+ {[%emt 0:00:05]} 50. Kf4 {[%emt 0:00:04]} Nd6 {[%emt 0:00:05]} 51. Rd5 {[%emt 0:00:11]} Rb4+ {[%emt 0:00:15]} 52. Ke3 {[%emt 0:00:06]} Ke6 {[%emt 0:00:15]} 53. Rh5 {[%emt 0:00:22]} Nc4+ {[%emt 0:00:17]} 54. Kd3 {[%emt 0:00:14]} Ne5+ {[%emt 0:00:13]} 55. Kc3 {[%emt 0:00:06]} Rxa4 {[%emt 0:00:33]} 56. Rh8 {[%emt 0:00:06]} Kd5 {[%emt 0:00:10]} 57. Rd8+ {[%emt 0:00:08]} Ke4 {[%emt 0:00:05]} 58. Rh8 {[%emt 0:00:06]} Rc4+ {[%emt 0:00:20]} 59. Kb3 {[%emt 0:00:14]} Rc7 {[%emt 0:00:07]} 60. Rh4+ {[%emt 0:00:06]} Ke3 {[%emt 0:00:13]} 61. Rh3+ {[%emt 0:00:08]} Nf3 {[%emt 0:00:28]} 62. Kb4 {[%emt 0:00:11]} Ke4 {[%emt 0:00:07]} 63. Rh8 {[%emt 0:00:15]} Ng5 {[%emt 0:00:39]} 64. Re8+ {[%emt 0:00:36]} Kd5 {[%emt 0:00:11]} 65. Rd8+ {[%emt 0:00:04]} Ke5 {[%emt 0:00:02]} 66. Re8+ {[%emt 0:00:17]} Ne6 {[%emt 0:00:03]} 67. Rh8 {[%emt 0:00:04]} Nf4 {[%emt 0:00:13]} 68. Re8+ {[%emt 0:00:10]} Kd4 {[%emt 0:00:05]} 69. Rd8+ {[%emt 0:00:42]} Nd5+ {[%emt 0:01:17]} 70. Kb3 {[%emt 0:00:06]} Rc5 {[%emt 0:00:20]} 71. Rb8 {[%emt 0:02:57]} Kd3 {[%emt 0:01:21]} 72. Rd8 {[%emt 0:00:22]} Rb5+ {[%emt 0:00:54]} 73. Ka4 {[%emt 0:00:06]} Rb1 {[%emt 0:00:25]} 74. Ka5 {[%emt 0:00:58]} Kd4 {[%emt 0:01:09]} 75. Rh8 {[%emt 0:00:20]} Nc7 {[%emt 0:01:56]} 76. Rh7 {[%emt 0:01:15]} Ne6 {[%emt 0:03:23]} 77. Rh4+ {[%emt 0:01:07]} Kc5 {[%emt 0:00:22]} 78. Rh5+ {[%emt 0:02:02]} Kc4 {[%emt 0:00:25]} 79. Rh4+ {[%emt 0:00:08]} Nd4 {[%emt 0:00:23]} 80. Rh8 {[%emt 0:00:09]} Nc6+ {[%emt 0:03:24]} 81. Ka6 {[%emt 0:00:11]} Nb8+ {[%emt 0:00:38]} 82. Ka5 {[%emt 0:00:56]} Nc6+ {[%emt 0:02:16]} 83. Ka6 {[%emt 0:00:11]} Ne7 {[%emt 0:00:40]} 84. Rh2 {[%emt 0:02:50]} Nd5 {[%emt 0:00:47]} 85. Rc2+ {[%emt 0:02:23]} Nc3 {[%emt 0:00:12]} 86. Rh2 {[%emt 0:00:12]} Kc5 {[%emt 0:00:29]} 87. Rh8 {[%emt 0:00:32]} Nd5 {[%emt 0:06:09]} 88. Rc8+ {[%emt 0:00:49]} Kd6 {[%emt 0:00:39]} 89. Ka5 {[%emt 0:01:11]} Nb6 {[%emt 0:00:33]} 90. Rh8 {[%emt 0:00:27]} Kc5 {[%emt 0:01:09]} 91. Rh5+ {[%emt 0:00:10]} Nd5 {[%emt 0:00:07]} 92. Ka4 {[%emt 0:00:04]} Rb8 {[%emt 0:01:02]} 93. Rg5 {[%emt 0:00:29]} Kc4 {[%emt 0:00:31]} 94. Rg4+ {[%emt 0:00:07]} Kd3 {[%emt 0:00:06]} 95. Rg3+ {[%emt 0:00:54]} Ne3 {[%emt 0:00:04]} 96. Rh3 {[%emt 0:00:19]} Rb7 {[%emt 0:01:04]} 97. Ka5 {[%emt 0:00:29]} Kd4 {[%emt 0:00:29]} 98. Rh4+ {[%emt 0:00:05]} Kc5 {[%emt 0:00:23]} 99. Rh5+ {[%emt 0:00:05]} Nd5 {[%emt 0:00:35]} 100. Ka4 {[%emt 0:00:05]} 1/2-1/2

[Event "72nd RUS-ch Higher League 2019"]
[Site "Yaroslavl"]
[Date "2019.06.28"]
[Round "2.17"]
[White "Shimanov, Aleksandr"]
[Black "Mirzaev, Aziz"]
[Result "1-0"]
[WhiteElo "2615"]
[BlackElo "2433"]
[Annotator "TA"]
[PlyCount "134"]
[EventDate "2019.06.27"]
[EventType "swiss"]
[EventCountry "RUS"]
[SourceTitle "playchess.com"]
[Source "ChessBase"]
[SourceQuality "1"]

{[%evp 13,134,36,30,21,8,25,19,13,22,14,22,14,10,22,69,51,64,39,39,31,34,49,14,0,14,20,52,42,43,36,33,32,32,32,32,32,45,46,48,33,40,39,56,41,114,108,114,93,100,84,154,145,145,140,137,138,173,178,179,179,183,142,173,145,149,116,116,85,117,117,124,107,175,175,175,152,202,142,139,133,263,263,216,137,239,233,339,335,325,332,289,316,309,290,380,371,453,484,479,446,518,564,647,616,686,633,695,695,695,695,1436,1443,1593,1456,1266,1049,6448,6404,29984,29985,29985,29986,29986]} 1. e4 c6 2. d4 d5 3. e5 Bf5 4. Nf3 e6 5. Be2 c5 6. Be3 cxd4 7. Nxd4 Ne7 8. Nd2 {B12: Caro-Kann: Advance Variation} (8. O-O Nbc6 9. Bb5 a6 10. Bxc6+ Nxc6 11. Nxf5 exf5 12. c3 Be7 13. Nd2 Qd7 14. Nf3 Qe6 15. Qb3 O-O 16. Bb6 Bd8 {½-½ (40) Navara,D (2739)-Radjabov,T (2756) Shamkir 2019}) 8... Nbc6 9. N2f3 Bg4 10. O-O {The position is equal.} Bxf3 $146 ({Predecessor:} 10... Ng6 11. c4 Bxf3 {1-0 (56) Perez,M (2422)-Munoz,F (2342) Rosario 2016}) 11. Nxf3 Ng6 12. c4 dxc4 13. Bxc4 Qxd1 14. Rfxd1 a6 15. Rac1 Be7 16. Bd3 O-O-O 17. Bb6 Rd5 18. Nd4 Bg5 19. Nxc6 Bxc1 20. Nb4 Bxb2 {Threatens to win with ...Rd7.} 21. Nxd5 exd5 22. Bf5+ {[%mdl 64] Discovered Attack} Kb8 23. Bxg6 hxg6 24. Rxd5 $14 {[%mdl 4096] Endgame KRB-KRB} g5 25. g3 Re8 26. Rd7 Bxe5 27. Rxf7 Bf6 28. Kg2 g4 {[#]} ({Better is} 28... Kc8 $14) 29. a4 $1 $16 a5 30. Kf1 Rh8 31. Ke2 Kc8 (31... Rc8 $142) 32. Rc7+ Kb8 {Strongly threatening ...Bd8.} 33. Rc4 ({But not} 33. Bxa5 $6 b6 $11) 33... Rxh2 34. Bxa5 Ka7 35. Rxg4 Rh5 36. Bd2 Ka6 37. Re4 Kb6 38. Re6+ Kc7 39. Kf3 Rd5 40. Bf4+ Kd7 41. Rb6 Kc8 42. Rb4 Ra5 {[#]} (42... Be7 $16 43. Ke4 Rc5) 43. Be3 $1 $18 Rf5+ 44. Kg4 Rd5 45. Kf4 Kc7 46. g4 Be7 (46... Kc6 $16 {might work better.} 47. Ke4 Re5+ 48. Kd3 Rd5+ 49. Ke2 Be7 50. Rb6+ Kc7) 47. Rb5 Rd6 48. Re5 Rf6+ (48... Bd8 $16 49. Ke4 Ra6) 49. Ke4 Bd6 (49... Bb4 $142 50. Rb5 Bd6) 50. Rf5 Re6+ 51. Kd5 Re7 52. Bd4 {Rg5 is the strong threat.} Rd7 53. Kc4 Kc6 54. Rg5 Bf8 55. Rg6+ Kc7 56. f4 Kd8 57. f5 Rc7+ 58. Kd5 {aiming for Bb6.} Rd7+ 59. Ke4 Ke8 60. Re6+ Kf7 61. g5 Be7 62. g6+ Kg8 63. Be5 Kf8 64. Rb6 Bc5 65. Rb5 b6 66. a5 Rb7 67. axb6 Bxb6 {Accuracy: White = 76%, Black = 46%.} 1-0

[Event "72nd RUS-ch Higher League 2019"]
[Site "Yaroslavl"]
[Date "2019.06.28"]
[Round "2.18"]
[White "Galaktionov, Artem"]
[Black "Kokarev, Dmitry"]
[Result "1/2-1/2"]
[WhiteElo "2371"]
[BlackElo "2609"]
[Annotator "TA"]
[PlyCount "156"]
[EventDate "2019.06.27"]
[EventType "swiss"]
[EventCountry "RUS"]
[SourceTitle "playchess.com"]
[Source "ChessBase"]
[SourceQuality "1"]

{[%evp 9,156,60,72,26,48,47,46,33,70,70,63,64,64,0,0,16,10,17,44,41,52,30,29,10,57,86,68,-1,24,25,41,33,46,0,24,0,0,0,0,0,0,0,0,0,0,0,0,-150,-157,-316,-264,-246,-249,-253,-243,-247,-243,-232,-204,-304,-288,-273,-138,-172,-130,-122,-99,-184,-157,-131,0,-172,-95,-100,-84,-87,-95,-118,-25,-107,-106,-319,-234,-233,-231,-236,-222,-197,-210,-215,-196,-196,-97,-97,-97,-97,-97,-97,-112,-611,-571,-29993,-29994,-29994,-29995,-29995,-29996,-29998,0,0,0,0,0,0,0,-29998,0,0,0,0,0,0,0,0,0,0,0,0,0,0,0,0,0,0,0,0,0,0,0,0,0,0,0,0,0,0,0,0,0]} 1. d4 g6 2. c4 Bg7 3. e4 c5 4. d5 d6 5. Bd3 e6 6. h3 {A43: Schmid Benoni} Ne7 7. Nf3 O-O (7... h6 8. Nc3 a6 9. a4 Nd7 10. Bf4 e5 11. Bd2 {1-0 (48) Vitiugov,N (2738)-Riazantsev,A (2684) Wroclaw 2014}) 8. O-O {White is slightly better.} h6 9. Nc3 g5 10. h4 $146 ({Predecessor:} 10. Ne2 Ng6 11. Ng3 Nd7 12. Rb1 Nde5 13. Nh5 Nxf3+ 14. Qxf3 Bd4 15. Be3 Be5 16. a3 a5 17. b3 b6 {½-½ (17) Miron,L (2511)-Jojua,D (2583) Ordu 2016}) 10... g4 11. Ne1 (11. Nh2 $1 $14 h5 12. g3) 11... exd5 $11 12. cxd5 Ng6 13. g3 Ne5 14. Be2 f5 15. Nd3 Nbd7 16. Bf4 h5 17. Bg5 Qb6 18. Na4 (18. Nf4 $1 $14) 18... Qa5 19. Nf4 Nf6 20. Bxf6 Bxf6 21. Nxh5 fxe4 22. Nxf6+ Rxf6 23. Nc3 Bf5 24. Qd2 Re8 25. Nxe4 Qxd2 26. Nxd2 Bd3 27. Bxd3 $1 Nxd3 28. f4 ({Better is} 28. Rad1 $11) 28... Re3 $17 29. f5 $2 (29. Kh1 $17) 29... Rxg3+ 30. Kh2 Re3 31. Nc4 Rh3+ 32. Kg2 b5 ({But not} 32... Rxh4 33. Kg3 $17) 33. Na5 Rxh4 34. Kg3 (34. Nc6 {is a better defense.}) 34... Rh3+ 35. Kxg4 Rh7 (35... Rfh6 $19 36. Nc6 Kf7) 36. b3 Rg7+ 37. Kf3 Nb4 38. Ke2 (38. Nc6 $17) 38... Rg2+ 39. Kf3 Rg7 40. Ke2 $1 Re7+ ({Black should play} 40... Nxd5 $19 41. Nc6 Kf8) 41. Kd2 Re5 $36 {[%mdl 2048] Black has strong initiative.} 42. a3 Rxd5+ 43. Kc3 Rd3+ 44. Kb2 Nd5 {aiming for ...Rd2+.} 45. Nc6 $2 (45. Rfd1 $17 Rxd1 46. Rxd1) 45... Rh6 46. Rf2 Rhh3 47. Na5 Ne3 48. Rg1+ Kf7 49. Kc1 c4 50. f6 {[#]} cxb3 (50... Rh5 $1 $19 {And now ...Rf5 would win.} 51. Nc6 Rf5 52. Rxf5 Nxf5 53. bxc4 bxc4) 51. Nb7 {Hoping for Nd8+.} Rh8 52. Rf3 {[#]} b2+ $1 {[%mdl 64] Discovered Attack} 53. Kb1 Rxa3 54. Rg7+ $2 {[%mdl 8192]} (54. Nxd6+ $17 Ke6 55. Nxb5 Ra1+ 56. Kxb2 Rxg1 57. Rxe3+ Kf7 58. Nxa7) 54... Kf8 $19 {( -> ...Rh1+)} 55. Nd8 Rh1+ 56. Kxb2 Nc4+ {[%mdl 64] Discovered Attack} 57. Kc2 Rh2+ 58. Kb1 Rh1+ $2 (58... Rb2+ 59. Kc1 Ra1#) 59. Kc2 $11 Ra2+ 60. Kb3 Ra3+ 61. Kc2 {Intending Ne6+ and mate.} Rh2+ $2 {[%mdl 8192]} (61... Ne3+ $11 62. Rxe3 Rxe3) 62. Kb1 $1 {Strongly threatening Ne6+.} Nd2+ $2 (62... Rb2+ {mates} 63. Kc1 Ra1#) 63. Kb2 $1 {The position is equal.} Nxf3+ (63... Nc4+ $2 {gets mated.} 64. Kb1) 64. Kxa3 {[%mdl 4096] Endgame White threatens Ne6+ and mate. KRN-KRN} Nd4 {White must now prevent ...a5.} 65. Rxa7 Rh3+ 66. Kb2 b4 {[%cal Bb5b4,Bb4b3][%mdl 32]} 67. Re7 Rh2+ 68. Kb1 Rf2 69. Ne6+ Nxe6 70. Rxe6 {KR-KR} Rd2 71. Re7 b3 72. Rd7 b2 73. f7 d5 74. Ka2 Rf2 75. Rxd5 Rxf7 76. Kxb2 Re7 77. Rf5+ Rf7 78. Rxf7+ Kxf7 {Accuracy: White = 58%, Black = 59%.} 1/2-1/2

[Event "72nd RUS-ch Higher League 2019"]
[Site "Yaroslavl"]
[Date "2019.06.28"]
[Round "2.19"]
[White "Pridorozhni, Aleksei"]
[Black "Murzin, Volodar"]
[Result "1/2-1/2"]
[WhiteElo "2588"]
[BlackElo "2418"]
[Annotator "ChessBase"]
[PlyCount "103"]
[EventDate "2019.06.27"]
[EventType "swiss"]
[EventCountry "RUS"]
[SourceTitle "playchess.com"]
[Source "ChessBase"]
[SourceQuality "1"]
[TimeControl "40/5400+30:1800+30"]

1. e4 {[%emt 0:00:00]} c6 {[%emt 0:00:00]} 2. d4 {[%emt 0:00:00]} d5 {[%emt 0:00:11]} 3. e5 {[%emt 0:00:01]} Bf5 {[%emt 0:00:10]} 4. h4 {[%emt 0:00:10]} h5 {[%emt 0:01:13]} 5. Bd3 {[%emt 0:00:15]} Bxd3 {[%emt 0:01:42]} 6. Qxd3 {[%emt 0:00:06]} Qa5+ {[%emt 0:04:24]} 7. Nd2 {[%emt 0:00:41]} Qa6 {[%emt 0:03:51]} 8. e6 {[%emt 0:01:01]} Qxd3 {[%emt 0:00:09]} 9. exf7+ {[%emt 0:00:06]} Kxf7 {[%emt 0:00:05]} 10. cxd3 {[%emt 0:00:04]} Nh6 {[%emt 0:04:44]} 11. Ndf3 {[%emt 0:02:00]} Nf5 {[%emt 0:09:36]} 12. Nh3 {[%emt 0:13:31]} Nd7 {[%emt 0:01:11]} 13. Nhg5+ {[%emt 0:21:34]} Kg8 {[%emt 0:01:52]} 14. Bf4 {[%emt 0:00:53]} Nxd4 {[%emt 0:05:16]} 15. Nxd4 {[%emt 0:00:47]} e5 {[%emt 0:01:03]} 16. Nde6 {[%emt 0:00:09]} exf4 {[%emt 0:00:19]} 17. Nxf4 {[%emt 0:06:05]} Re8+ {[%emt 0:01:54]} 18. Kf1 {[%emt 0:03:14]} Bd6 {[%emt 0:06:32]} 19. Ngh3 {[%emt 0:00:41]} Rh6 {[%emt 0:03:34]} 20. g3 {[%emt 0:03:56]} Nc5 {[%emt 0:02:56]} 21. Re1 {[%emt 0:02:14]} Rxe1+ {[%emt 0:08:48]} 22. Kxe1 {[%emt 0:00:05]} Be5 {[%emt 0:05:30]} 23. b3 {[%emt 0:03:16]} Ne6 {[%emt 0:02:19]} 24. Ne2 {[%emt 0:00:25]} Bd6 {[%emt 0:03:20]} 25. Kd2 {[%emt 0:01:34]} Rf6 {[%emt 0:01:47]} 26. Ke3 {[%emt 0:07:53]} Rf5 {[%emt 0:09:16]} 27. f4 {[%emt 0:03:15]} Rf8 {[%emt 0:04:41]} 28. Ng5 {[%emt 0:06:23]} Re8 {[%emt 0:02:00]} 29. Kf3 {[%emt 0:00:45]} Bc5 {[%emt 0:03:53]} 30. Nxe6 {[%emt 0:00:37]} Rxe6 {[%emt 0:00:02]} 31. d4 {[%emt 0:00:08]} Bb6 {[%emt 0:00:49]} 32. b4 {[%emt 0:00:40]} Kf7 {[%emt 0:01:10]} 33. a4 {[%emt 0:00:14]} a6 {[%emt 0:00:41]} 34. b5 {[%emt 0:02:53]} axb5 {[%emt 0:09:00]} 35. axb5 {[%emt 0:00:08]} c5 {[%emt 0:00:02]} 36. Nc3 {[%emt 0:00:24]} cxd4 {[%emt 0:00:58]} 37. Nxd5 {[%emt 0:00:05]} Bc5 {[%emt 0:00:30]} 38. Rd1 {[%emt 0:05:37]} Rd6 {[%emt 0:01:35]} 39. Ke4 {[%emt 0:00:16]} Rg6 {[%emt 0:00:24]} 40. Rg1 {[%emt 0:00:00]} d3 {[%emt 0:00:00]} 41. Rg2 {[%emt 0:15:06]} d2 {[%emt 0:02:46]} 42. Rxd2 {[%emt 0:00:26]} Rxg3 {[%emt 0:00:07]} 43. Rc2 {[%emt 0:00:45]} b6 {[%emt 0:10:03]} 44. Ra2 {[%emt 0:00:11]} Ke6 {[%emt 0:02:06]} 45. f5+ {[%emt 0:08:33]} Kd7 {[%emt 0:02:55]} 46. Nf4 {[%emt 0:08:45]} Rg4 {[%emt 0:02:19]} 47. Rg2 {[%emt 0:08:05]} Rxg2 {[%emt 0:03:14]} 48. Nxg2 {[%emt 0:00:06]} Kd6 {[%emt 0:04:07]} 49. Nf4 {[%emt 0:00:16]} Bf2 {[%emt 0:00:09]} 50. Nxh5 {[%emt 0:00:09]} Bxh4 {[%emt 0:00:04]} 51. Nxg7 {[%emt 0:00:06]} Kc5 {[%emt 0:00:12]} 52. Ne6+ {[%emt 0:00:36]} 1/2-1/2

[Event "72nd RUS-ch Higher League 2019"]
[Site "Yaroslavl"]
[Date "2019.06.28"]
[Round "2.20"]
[White "Salemgareev, Tagir"]
[Black "Sakaev, Konstantin"]
[Result "0-1"]
[WhiteElo "2412"]
[BlackElo "2584"]
[Annotator "ChessBase"]
[PlyCount "76"]
[EventDate "2019.06.27"]
[EventType "swiss"]
[EventCountry "RUS"]
[SourceTitle "playchess.com"]
[Source "ChessBase"]
[SourceQuality "1"]
[TimeControl "40/5400+30:1800+30"]

1. e4 {[%emt 0:00:00]} c5 {[%emt 0:00:00]} 2. Nf3 {[%emt 0:00:00]} Nc6 {[%emt 0:00:01]} 3. d4 {[%emt 0:01:10]} cxd4 {[%emt 0:00:06]} 4. Nxd4 {[%emt 0:00:04]} Qb6 {[%emt 0:00:05]} 5. Nb3 {[%emt 0:00:11]} Nf6 {[%emt 0:00:06]} 6. Nc3 {[%emt 0:00:04]} e6 {[%emt 0:00:05]} 7. a3 {[%emt 0:06:21]} a6 {[%emt 0:02:25]} 8. Be2 {[%emt 0:01:10]} d6 {[%emt 0:01:31]} 9. O-O {[%emt 0:00:55]} Be7 {[%emt 0:04:02]} 10. Be3 {[%emt 0:15:48]} Qc7 {[%emt 0:00:09]} 11. a4 {[%emt 0:00:41]} b6 {[%emt 0:02:38]} 12. f4 {[%emt 0:00:46]} O-O {[%emt 0:00:44]} 13. Bf3 {[%emt 0:00:57]} Rb8 {[%emt 0:05:56]} 14. Qe2 {[%emt 0:15:56]} Bb7 {[%emt 0:00:54]} 15. Kh1 {[%emt 0:02:33]} Nd7 {[%emt 0:10:11]} 16. Rfd1 {[%emt 0:17:00]} Na5 {[%emt 0:07:57]} 17. Nxa5 {[%emt 0:06:54]} bxa5 {[%emt 0:00:20]} 18. Rab1 {[%emt 0:00:34]} Rfe8 {[%emt 0:06:23]} 19. Qf2 {[%emt 0:03:02]} Bc6 {[%emt 0:02:02]} 20. b3 {[%emt 0:03:16]} Ba8 {[%emt 0:07:38]} 21. Na2 {[%emt 0:10:27]} Nf6 {[%emt 0:02:34]} 22. Rd4 {[%emt 0:00:24]} e5 {[%emt 0:02:16]} 23. fxe5 {[%emt 0:03:45]} dxe5 {[%emt 0:00:31]} 24. Rdd1 {[%emt 0:00:03]} Bxe4 {[%emt 0:02:41]} 25. Bxe4 {[%emt 0:02:10]} Nxe4 {[%emt 0:00:07]} 26. Qe2 {[%emt 0:00:03]} Qc6 {[%emt 0:05:22]} 27. Rd3 {[%emt 0:02:54]} f5 {[%emt 0:03:29]} 28. Rbd1 {[%emt 0:00:45]} Red8 {[%emt 0:06:36]} 29. Rxd8+ {[%emt 0:01:45]} Rxd8 {[%emt 0:00:53]} 30. Rxd8+ {[%emt 0:00:15]} Bxd8 {[%emt 0:00:05]} 31. Nc1 {[%emt 0:00:05]} Bc7 {[%emt 0:05:03]} 32. Nd3 {[%emt 0:00:48]} Nc3 {[%emt 0:04:19]} 33. Qd2 {[%emt 0:03:31]} Nd5 {[%emt 0:04:28]} 34. Bg1 {[%emt 0:00:08]} e4 {[%emt 0:00:37]} 35. Nc5 {[%emt 0:02:07]} e3 {[%emt 0:02:42]} 36. Bxe3 {[%emt 0:00:04]} Bb6 {[%emt 0:00:46]} 37. c4 {[%emt 0:00:07]} Nxe3 {[%emt 0:00:23]} 38. Nd7 {[%emt 0:00:04]} Bd4 {[%emt 0:02:32]} 0-1

[Event "72nd RUS-ch Higher League 2019"]
[Site "Yaroslavl"]
[Date "2019.06.28"]
[Round "2.21"]
[White "Bocharov, Ivan"]
[Black "Eraschenkov, Denis"]
[Result "1-0"]
[WhiteElo "2559"]
[BlackElo "2379"]
[Annotator "ChessBase"]
[PlyCount "63"]
[EventDate "2019.06.27"]
[EventType "swiss"]
[EventCountry "RUS"]
[SourceTitle "playchess.com"]
[Source "ChessBase"]
[SourceQuality "1"]
[TimeControl "40/5400+30:1800+30"]

1. c4 {[%emt 0:00:00]} e5 {[%emt 0:02:21]} 2. Nc3 {[%emt 0:00:00]} Nf6 {[%emt 0:00:16]} 3. Nf3 {[%emt 0:00:00]} Nc6 {[%emt 0:00:52]} 4. e3 {[%emt 0:00:07]} Bb4 {[%emt 0:03:05]} 5. Qc2 {[%emt 0:00:07]} Bxc3 {[%emt 0:00:26]} 6. bxc3 {[%emt 0:00:07]} O-O {[%emt 0:01:41]} 7. e4 {[%emt 0:01:21]} d6 {[%emt 0:01:45]} 8. g3 {[%emt 0:01:45]} h6 {[%emt 0:15:07]} 9. Rb1 {[%emt 0:01:32]} Nh7 {[%emt 0:18:12]} 10. Nh4 {[%emt 0:01:28]} Ng5 {[%emt 0:06:01]} 11. Bg2 {[%emt 0:01:14]} Rb8 {[%emt 0:10:04]} 12. O-O {[%emt 0:00:59]} Nh3+ {[%emt 0:09:44]} 13. Kh1 {[%emt 0:01:04]} Nf4 {[%emt 0:00:37]} 14. Bf3 {[%emt 0:00:48]} Qf6 {[%emt 0:03:42]} 15. Nf5 {[%emt 0:02:26]} Ng6 {[%emt 0:03:05]} 16. Bg2 {[%emt 0:01:13]} Nge7 {[%emt 0:00:24]} 17. Ne3 {[%emt 0:03:00]} Qg6 {[%emt 0:01:28]} 18. f4 {[%emt 0:03:22]} f5 {[%emt 0:03:58]} 19. d3 {[%emt 0:00:24]} Bd7 {[%emt 0:05:34]} 20. g4 {[%emt 0:02:14]} fxe4 {[%emt 0:03:50]} 21. Bxe4 {[%emt 0:00:32]} Qf6 {[%emt 0:01:28]} 22. f5 {[%emt 0:00:53]} Nd8 {[%emt 0:00:19]} 23. g5 {[%emt 0:04:17]} hxg5 {[%emt 0:02:41]} 24. Qg2 {[%emt 0:01:47]} Bc6 {[%emt 0:01:32]} 25. Ng4 {[%emt 0:01:33]} Qf7 {[%emt 0:00:06]} 26. Bxg5 {[%emt 0:00:24]} Bxe4 {[%emt 0:01:31]} 27. dxe4 {[%emt 0:00:08]} Ndc6 {[%emt 0:00:17]} 28. Bxe7 {[%emt 0:01:16]} Qxe7 {[%emt 0:00:17]} 29. f6 {[%emt 0:00:01]} Qd7 {[%emt 0:00:33]} 30. f7+ {[%emt 0:00:02]} Kh7 {[%emt 0:00:26]} 31. Qh3+ {[%emt 0:00:01]} Kg6 {[%emt 0:00:10]} 32. Rf3 {[%emt 0:00:56]} 1-0

[Event "72nd RUS-ch Higher League 2019"]
[Site "Yaroslavl"]
[Date "2019.06.28"]
[Round "2.22"]
[White "Fedoseev, Vladimir"]
[Black "Ibadov, Dashgyn"]
[Result "1-0"]
[WhiteElo "2680"]
[BlackElo "2298"]
[Annotator "TA"]
[PlyCount "83"]
[EventDate "2019.06.27"]
[EventType "swiss"]
[EventCountry "RUS"]
[SourceTitle "playchess.com"]
[Source "ChessBase"]
[SourceQuality "1"]

{[%evp 9,83,16,15,12,13,-8,3,-5,10,17,19,17,32,0,0,-15,0,4,13,-2,61,61,71,65,65,72,74,68,79,75,77,78,85,79,86,86,93,84,84,88,106,95,109,96,141,120,169,155,161,143,238,167,174,174,155,169,169,161,161,168,326,323,322,272,322,314,441,438,426,427,568,567,542,513,504,495]} 1. Nf3 c5 2. b3 Nf6 3. Bb2 e6 4. g3 b6 5. Bg2 Bb7 6. O-O {A05: Réti Opening: 1 Nf3 Nf6} (6. c4 Be7 7. O-O O-O 8. d4 cxd4 9. Qxd4 Nc6 10. Qf4 Qb8 11. Nc3 Rd8 12. Rfd1 h6 13. Rac1 a6 14. Na4 Qa7 15. Qc7 b5 16. Bxf6 Rac8 17. Qb6 Bxf6 18. Qxa7 Nxa7 19. Nb6 Rc7 20. cxb5 Rxc1 21. Rxc1 Nxb5 {½-½ (47) Nakamura,H (2746)-Jobava,B (2627) St Petersburg 2018}) 6... Be7 7. d3 d5 8. e4 $146 {The position is equal.} ({Predecessor:} 8. Nbd2 O-O 9. Re1 Nc6 10. e4 d4 11. h3 e5 12. Nh2 g6 13. Ng4 Nxg4 14. hxg4 Qc7 15. Rf1 g5 16. c3 Ba6 17. cxd4 cxd4 18. Qe2 Nb4 19. Nc4 b5 20. Nd2 Qc2 21. Ba3 Rfe8 22. Rfc1 Qxd3 23. Qd1 Rad8 24. Bb2 {1-0 (24) Onischuk,V (2558)-Buchenau,F (2324) St Petersburg 2012}) 8... dxe4 9. Nfd2 O-O 10. dxe4 Qc7 11. e5 {Threatens to win with Bxb7.} Nfd7 12. Nf3 Nc6 13. Qe2 Rfd8 14. Nbd2 Nd4 (14... a6 $11) 15. Nxd4 $14 Bxg2 16. Kxg2 {Nb5 is the strong threat.} cxd4 17. Nf3 Rac8 18. Rac1 Bb4 19. Rfd1 Bc3 20. Bxc3 dxc3 21. Rd4 Nf8 22. Rcd1 Rxd4 23. Rxd4 h6 24. Qd3 Qe7 25. a4 Rc5 26. h4 g6 27. b4 {[%cal Bb3b4,Bb4b5][%mdl 32]} Rc6 28. Nh2 h5 29. Nf3 Qc7 (29... Qb7 $16 {was necessary.} 30. Kh2 Qb8) 30. Kf1 a5 {[#] intending ...axb4.} 31. b5 $1 {[%cal Rb5c6]} Rc5 32. Ke2 Kg7 {[#]} 33. Ke3 $1 Qe7 34. Rd6 $36 {[%mdl 2048] White is on the roll.} Qc7 $2 (34... g5) 35. Qd4 $18 Qb7 36. Ke2 Qc7 37. Ng5 Rc4 (37... Rd5 $142 38. Rxd5 exd5 39. Qxd5 Qd7) 38. Qxb6 {White is clearly winning.} Qxb6 39. Rxb6 Nd7 40. Rb7 Rd4 41. Ke3 Rd1 42. f4 {Accuracy: White = 76%, Black = 46%.} 1-0